000 01103nab a2200229 i 4500
001 768714001
003 CO-MdFUSB
005 20240815151456.0
008 240815t1925 cr ||||| |||| 00| 0 eng d
040 _bspa
_cCO-MdFUSB
_dCO-MdFUSB
041 _aeng
245 _aWhat we are aiming at
520 _aEste artículo enseña cual es el objetivo del Instituto Bíblico es preparar a hombres y mujeres para el servicio en las congregaciones de modo que puedan desempeñar sus deberes como mujeres y predicadoras bíblicas. El concepto es que los recursos disponibles para las actividades se utilicen al máximo de su potencial, independientemente de la formación previa, con requisitos específicos y generales.
546 _aTexto en inglés.
650 0 _aEvangelización
_9362
650 0 _aPredicación
_954
650 7 _aEducación cristiana
_9349
650 7 _aMisioneros
_9931
773 0 _070761
_982969
_oR2742
_tLatin America Mission
_w(CO-MdFUSB)768714001
_gVolumen 4, (número 10, 1925), página: 15
_qpágina: 15
942 _cANA
945 _aCatherine Arias Álvarez - Practicante SENA
999 _c70877
_d70877